000 00620nam a22002417a 4500
003 UA-OsUOA
001 87776
007 ta
008 20120925b un ||||| |||| 00| 0 ukr d
100 _aБартницкий А.
700 _aМантель-Нечко И.
090 _a94(63)
_bБ26
942 _cBK
040 _aUA-OsUOA
_brus
_cUA-OsUOA
_dUA-OsUOA
245 _aИстория Эфиопии
300 _a592 с.
955 _a2
041 _arus
080 _a94(63)
260 _bПрогресс
_c1976
650 7 _a9 Географія. Біографії. Історія
_2UDC
999 _c374075
_d374075